000 00880nam a2200241Ia 4500
003 IN-BaIIA
008 211028s9999 xx 000 0 eng d
020 _a90-277-0203-9
040 _cIIA Library
080 _a52(082.1)
_bASS-31
110 _aInternational Astronomical Union
111 _aInternational Astronomical Union Colloquium
_n10th
_97385
245 0 _aGravitational N-body problem
_bprocedings of the IAU colloquium no. 10, held in Cambridge, England, August 12-15, 1970
_cedited by Myron Lecar
260 _aDordrecht
_bD. Reidel Publishing
_c1972
300 _aix, 441p.
490 _aAstrophysics and space science library; v. 31
650 _aAstronomy and astrophysics thesaurus
650 _aCelestial mechanics
650 _aN-Body problem
_97386
700 _aLecar, Myron., ed.
_97387
710 _aInternational Astronomical Union
_97388
942 _cBK
999 _c4203
_d4203